The phantom of the opera
In the Paris Opera House in 1880, strange things are happening. One of the dancers sees a shadow in a dark passage. It comes through a wall in front of her, and its face has no eyes. One of the stage workers sees a man in a black evening coat, but he has the head of a dead man, with a yellow face an...
Guardado en:
| Autor principal: | |
|---|---|
| Formato: | Libro |
| Lenguaje: | Undetermined |
| Publicado: |
Oxford
Oxford Univ. Press
1998
|
| Materias: | |
| Etiquetas: |
Agregar Etiqueta
Sin Etiquetas, Sea el primero en etiquetar este registro!
|
| Thư viện lưu trữ: | Trung tâm Học liệu Trường Đại học Cần Thơ |
|---|
| LEADER | 01007nam a2200217Ia 4500 | ||
|---|---|---|---|
| 001 | CTU_34900 | ||
| 008 | 210402s9999 xx 000 0 und d | ||
| 020 | |b 16000 | ||
| 082 | |a 823.9 | ||
| 082 | |b B319 | ||
| 100 | |a Bassett, Jennifer | ||
| 245 | 4 | |a The phantom of the opera | |
| 245 | 0 | |c Jennifer Bassett | |
| 260 | |a Oxford | ||
| 260 | |b Oxford Univ. Press | ||
| 260 | |c 1998 | ||
| 520 | |a In the Paris Opera House in 1880, strange things are happening. One of the dancers sees a shadow in a dark passage. It comes through a wall in front of her, and its face has no eyes. One of the stage workers sees a man in a black evening coat, but he has the head of a dead man, with a yellow face and no nose. People hear a voice in another room, but the room empty. It is the Phantom of the Opera... But who has actually seen him? | ||
| 650 | |a English fiction,English literature | ||
| 650 | |y 20th century | ||
| 904 | |i Minh, Qhieu đã sửa | ||
| 980 | |a Trung tâm Học liệu Trường Đại học Cần Thơ | ||